| 000 | 00948nam0a22002531 4500 | ||
|---|---|---|---|
| 001 | rc\4096493 | ||
| 005 | 20250611090856.0 | ||
| 021 |
_aRU _b[52-39758] |
||
| 035 | _a(NLR Aleph) 008136295 | ||
| 090 |
_a9455939 _c9455939 |
||
| 100 | _a20130415g19511952|||y0rusy50 ca | ||
| 101 | 0 | _arus | |
| 102 | _aRU | ||
| 105 | _aa z ||||| | ||
| 200 | 1 |
_aВодяные турбины _eПособие для студентов-заочников _fМ-во высш. образования СССР. Всесоюз. заоч. машиностроит. ин-т "ВЗМИ" |
|
| 210 |
_aМосква _cБ. и. _d1951 [вып. дан. 1952] |
||
| 215 |
_a22 с. _cчерт. _d21 |
||
| 606 |
_aГидротурбины _jПособия для заочников _2psbo |
||
| 700 | 1 |
_aКаплинский _bС.В. _gСергей Викторович |
|
| 801 | 0 |
_aRU _bNLR _gpsbo |
|
| 801 | 1 |
_aRU _bELAR _2rusmarc |
|
| 852 |
_aNLR _jТ24 Г-4/266 |
||
| 942 | _cBOOK | ||
| 980 | _aNB | ||